000 00868nam1a22002411i 4500
001 rc\40975
005 20260406165721.0
010 _a5280016098
035 _a(NLR Aleph) 005385960
090 _a7145831
_c7145831
100 _a20021216g19919999u |0rusy50 ca
101 0 _arus
102 _aRU
105 _ay |||||||||
200 1 _aСобрание сочинений
_eВ 5 т.
_fА.С. Грин
_g[Вступ. ст., с. 5-36, сост. В. Ковского
_gПримеч. А. Ревякиной]
210 _aМ.
_cХудож. лит.
_d1991-
215 _d21
700 1 _4070
_8rus
_7ca
_aГрин
_bА. С.
_f1880-1932
_gАлександр Степанович
_3RU\NLR\AUTH\7712241
_9121967
702 1 _aКовский
_bВ.Е.
_gВадим Евгеньевич
_4220
801 0 _aRU
_bNLR
_gpsbo
801 1 _aRU
_bELAR
_2rusmarc
852 _aNLR
_j91-3/1183
942 _cBOOK